Úvod do vysokoškolského štúdia na SPU

Podrobná bibliografia
Hlavný autor: Rohaľová, Edita, 1940-2019 (Autor)
Médium: Kniha
Jazyk:slovenčina
Fyzický popis:120 s., [1] mp. príl. noty, tab. 21 cm
Vydavateľské údaje: Nitra Slovenská poľnohospodárska univerzita 2000
ISBN:8071377430
Predmet:

MARC

LEADER 00000cam a2200000 a 4500
001 vtls001406953
003 SK-MaSNL
005 20260302034958.0
008 240313s2000 xo gp r 000 0 slo
015 |a SNBA2001/04-01407 
020 |a 8071377430 
035 |a SNK000361600 
035 |a urn:nbn:sk:snk-amkmcj 
035 |a urn:nbn:sk:snk-am008ac7 
035 |a BB41FC1D-156F-4AED-9059-355F836D7B86 
040 |a SNK  |b slo  |c SNK  |e AACR2 
041 0 |a slo 
044 |a xo  |c SK 
080 |a 378.663.1  |2 1981 
100 1 |a Rohaľová, Edita,  |d 1940-2019  |4 aut  |9 192618 
245 1 0 |a Úvod do vysokoškolského štúdia na SPU  |c Edita Rohaľová a kolektív 
260 |a Nitra  |b Slovenská poľnohospodárska univerzita  |c 2000 
300 |a 120 s., [1] mp. príl.  |b noty, tab.  |c 21 cm 
500 |a 1500 výt. 
610 2 7 |a Slovenská poľnohospodárska univerzita v Nitre  |2 SNK  |9 166833 
655 7 |a príručky  |2 SNK  |9 74364 
919 |a 80-7137-743-0 
958 |a TL 
999 |c 1068713  |d 1070643 
952 |t P60, <03>, [BOOK], {603}  |a SNK  |b SNK  |y PREZ  |7 0  |p 17A0270520  |o snkSC 103949  |i snkKSP 2179/2001  |0 0  |1 0  |4 0  |d 2001-02-12  |f 1  |l 0  |r 2025-09-25 00:00:00  |w 2026-02-24 
952 |t snkROH 63(079)  |a SNKUST  |b SNKUST  |y PREZ  |7 0  |p 17A0270519  |o snkSC 103949 D1  |i snkKSP 2180/2001  |0 0  |1 0  |4 0  |d 2001-02-12  |l 0  |r 2025-03-19 00:00:00  |w 2026-02-24